Electroactive polymer gel robots : (Record no. 33180)

000 -LEADER
fixed length control field 01458cam a22003857a 4500
001 - CONTROL NUMBER
control field 15978126
003 - CONTROL NUMBER IDENTIFIER
control field OSt
005 - DATE AND TIME OF LATEST TRANSACTION
control field 20211122102350.0
008 - FIXED-LENGTH DATA ELEMENTS--GENERAL INFORMATION
fixed length control field 091109s2010 gw a b 001 0 eng d
010 ## - LIBRARY OF CONGRESS CONTROL NUMBER
LC control number 2009941047
016 7# - NATIONAL BIBLIOGRAPHIC AGENCY CONTROL NUMBER
Record control number 015719718
Source Uk
020 ## - INTERNATIONAL STANDARD BOOK NUMBER
International Standard Book Number 9783540239550
035 ## - SYSTEM CONTROL NUMBER
System control number (OCoLC)ocn149525941
038 ## - RECORD CONTENT LICENSOR
Staff Name Khadija
040 ## - CATALOGING SOURCE
Original cataloging agency BTCTA
Transcribing agency BTCTA
Modifying agency YDXCP
-- BWX
-- OCLCQ
-- CAI
-- VRC
-- UKMGB
-- DLC
042 ## - AUTHENTICATION CODE
Authentication code lccopycat
050 00 - LIBRARY OF CONGRESS CALL NUMBER
Classification number TJ211.4
Item number .O83 2010
082 04 - DEWEY DECIMAL CLASSIFICATION NUMBER
Classification number 629.8933
Author Mark OTA
100 1# - MAIN ENTRY--PERSONAL NAME
Personal name Otake, Mihoko.
9 (RLIN) 84853
245 10 - TITLE STATEMENT
Title Electroactive polymer gel robots :
Remainder of title modelling and control of artifical muscles /
Statement of responsibility, etc. Mihoko Otake.
260 ## - PUBLICATION, DISTRIBUTION, ETC.
Place of publication, distribution, etc. Berlin :
Name of publisher, distributor, etc. Springer Verlag,
Date of publication, distribution, etc. c2010.
300 ## - PHYSICAL DESCRIPTION
Extent xv, 238 p. :
Other physical details ill. (some col.) ;
Dimensions 25 cm.
490 1# - SERIES STATEMENT
Series statement Springer tracts in advanced robotics,
International Standard Serial Number 1610-7438 ;
Volume/sequential designation v. 59
504 ## - BIBLIOGRAPHY, ETC. NOTE
Bibliography, etc. note Includes bibliographical references and index.
563 ## - BINDING INFORMATION
Binding note HB
650 #0 - SUBJECT ADDED ENTRY--TOPICAL TERM
Topical term or geographic name entry element Robots
General subdivision Motion.
9 (RLIN) 84854
650 #0 - SUBJECT ADDED ENTRY--TOPICAL TERM
Topical term or geographic name entry element Polymers.
9 (RLIN) 84855
830 #0 - SERIES ADDED ENTRY--UNIFORM TITLE
Uniform title Springer tracts in advanced robotics ;
Volume/sequential designation v. 59.
9 (RLIN) 84856
856 42 - ELECTRONIC LOCATION AND ACCESS
Materials specified Publisher description
Uniform Resource Identifier <a href="http://www.loc.gov/catdir/enhancements/fy1304/2009941047-d.html">http://www.loc.gov/catdir/enhancements/fy1304/2009941047-d.html</a>
856 41 - ELECTRONIC LOCATION AND ACCESS
Materials specified Table of contents only
Uniform Resource Identifier <a href="http://www.loc.gov/catdir/enhancements/fy1304/2009941047-t.html">http://www.loc.gov/catdir/enhancements/fy1304/2009941047-t.html</a>
906 ## - LOCAL DATA ELEMENT F, LDF (RLIN)
a 7
b cbc
c copycat
d 2
e ncip
f 20
g y-gencatlg
942 ## - ADDED ENTRY ELEMENTS (KOHA)
Source of classification or shelving scheme
Koha item type Book
Holdings
Withdrawn status Lost status Source of classification or shelving scheme Damaged status Not for loan Permanent Location Current Location Shelving location Date acquired Full call number Barcode Date last seen Price effective from Koha item type
          School of Mechanical & Manufacturing Engineering (SMME) School of Mechanical & Manufacturing Engineering (SMME) General Stacks 01/04/2016 629.8933 OTA SMME-1941 03/29/2018 01/04/2016 Book
© 2023 Central Library, National University of Sciences and Technology. All Rights Reserved.